000
00297nam a2200121Ia 4500
005
20251222140108.0
008
251222s1900||||xx |||||||||||||| ||spa||
082
_a
111.8/M26S
100
_a
Maritain, Jacques
245
0
_a
Siete Lecciones sobre el Ser
264
_b
Desclée de Brouwer
942
_c
LIB
999
_c
4194
_d
4194